000 00841nam a2200265Ia 4500
003 GCL
008 140319s9999 xx 000 0 ara d
040 _aGCL /
_cGCL
082 0 4 _a332
_bس ن
100 1 _aعبدالفتاح عبدالرحمن
245 1 0 _aالنقود والبنوك والاقتصاد وجهة نظر النقديين /
_cعبدالفتاح عبدالرحمن
700 1 _aسيجل بارى
700 1 _aطه عبدالله منصور (مترجم)
260 _a[S.N] :
_bدار المريخ للنشر ،
_c1987
300 _a778 ص
490 _a
650 0 4 _aالاقتصاد
650 0 4 _aالنقود
650 0 4 _aالبنوك
650 0 4 _aالموازنه العامة
650 0 4 _aالتضخم
650 0 4 _aميزان المدفوعات
650 0 4 _aالبورصات
942 _2ddc
_cBK
999 _c27856
_d27856